INSTITUTIONAL FOOD MANAGEMENT (Record no. 12085)
[ view plain ]
| 000 -LEADER | |
|---|---|
| fixed length control field | 00268nam a22001217a 4500 |
| 003 - CONTROL NUMBER IDENTIFIER | |
| control field | SGT |
| 082 ## - DEWEY DECIMAL CLASSIFICATION NUMBER | |
| Classification number | 641.3 |
| Item number | I16S |
| 100 ## - MAIN ENTRY--PERSONAL NAME | |
| Personal name | SETHI, MOHINI |
| 245 ## - TITLE STATEMENT | |
| Title | INSTITUTIONAL FOOD MANAGEMENT |
| 260 ## - PUBLICATION, DISTRIBUTION, ETC. (IMPRINT) | |
| Place of publication, distribution, etc | DELHI |
| Name of publisher, distributor, etc | NEW AGE PUB. |
| Year of Publication | 2016 |
| 300 ## - PAGE DESCRIPTION | |
| No. of Pages | 624 |
| 942 ## - ADDED ENTRY ELEMENTS (KOHA) | |
| Source of classification or shelving scheme | Dewey Decimal Classification |
| Koha item type | Books |
| 942 ## - ADDED ENTRY ELEMENTS (KOHA) | |
| -- | 95 |
| Withdrawn status | Lost status | Source of classification or shelving scheme | Damaged status | Not for loan | Collection code | Home library | Current library | Shelving location | Date acquired | Vendor Name | Cost, normal purchase price | SGTU | Bill Number | Total Checkouts | Full call number | Accession No. (Barcode) | Date last seen | Date last borrowed | Bill Date | Koha item type | Total Renewals |
|---|---|---|---|---|---|---|---|---|---|---|---|---|---|---|---|---|---|---|---|---|---|
| Dewey Decimal Classification | MEDICAL | SGT Medical Library | SGT Medical Library | Text Book | 29/06/2017 | ABC | 399.00 | SGTU | 8041 | 29 | 641.3 I16S | FM8641 | 11/09/2025 | 11/09/2025 | 11/04/2017 | Books | |||||
| Dewey Decimal Classification | MEDICAL | SGT Medical Library | SGT Medical Library | Text Book | 29/06/2017 | ABC | 399.00 | SGTU | 8041 | 43 | 641.3 I16S | FM8642 | 18/09/2025 | 10/09/2025 | 11/04/2017 | Books | |||||
| Dewey Decimal Classification | MEDICAL | SGT Medical Library | SGT Medical Library | Text Book | 29/06/2017 | ABC | 399.00 | SGTU | 8041 | 32 | 641.3 I16S | FM8643 | 29/09/2025 | 18/09/2025 | 11/04/2017 | Books | |||||
| Dewey Decimal Classification | MEDICAL | SGT Medical Library | SGT Medical Library | Text Book | 29/06/2017 | ABC | 399.00 | SGTU | 8041 | 29 | 641.3 I16S | FM8644 | 08/04/2025 | 08/04/2025 | 11/04/2017 | Books | |||||
| Dewey Decimal Classification | MEDICAL | SGT Medical Library | SGT Medical Library | Text Book | 29/06/2017 | ABC | 399.00 | SGTU | 8041 | 27 | 641.3 I16S | FM8645 | 19/03/2025 | 27/02/2025 | 11/04/2017 | Books | 1 |